000 00308nam a22001337a 4500
008 180919b xxu||||| |||| 00| 0 eng d
020 _a9780789752246
041 _aeng
080 _a004
100 _a30
101 _aSHK
245 _aWindows 8.1 Absolute Beginners Guide
_cSanna,P
942 _2udc
_cBK
999 _c48072
_d48072